| 000 | 00768nam a2200181Ia 4500 | ||
|---|---|---|---|
| 008 | 090630s9999 xx 000 0 und d | ||
| 082 | _b23659 | ||
| 100 | _aपं. शर्मा किसनराव. | ||
| 245 |
_aशनि साडेसातीचा फटका आणि उपाय. _cपं. शर्मा किसनराव. |
||
| 260 |
_bवसुधा - नाशिक. _c2003 |
||
| 300 | _a92 | ||
| 600 | _aपं. शर्मा किसनराव. | ||
| 630 | _aशनि साडेसातीचा फटका आणि उपाय. | ||
| 655 | _a--- | ||
| 700 | _aपं. शर्मा किसनराव. | ||
| 730 | _aशनि साडेसातीचा फटका आणि उपाय. | ||
| 942 | _cBOOK | ||
| 999 |
_c275515 _d275515 |
||